000 00537nam a2200181Ia 4500
003 OSt
005 20260325103924.0
008 211028s2006 xx 000 0 und d
040 _cAIMIT LIBRARY
041 _aeng
082 _a658.3 MALM
100 _aMallya, Manju Priya;PG Aquinas.
_g40911097
_95572
245 _aA study of learning organizations with reference to Corporation Bank /
260 _bPG Aquinas
_c2006
600 _aHuman Resource Management
_95573
650 _aHuman Resource Management
_95574
942 _2ddc
_cPRO
999 _c217949
_d217949